| 000 | 00959nam a2200313Ia 4500 | ||
|---|---|---|---|
| 003 | OSt | ||
| 005 | 20220912150342.0 | ||
| 006 | a|||||r|||| 00| 0 | ||
| 007 | ta | ||
| 008 | 220909b |||||||| |||| 00| 0 eng d | ||
| 020 | _a0471326720 (hbd) | ||
| 024 | _a1427 | ||
| 037 | _cTextual | ||
| 040 |
_aCSL _beng _cCSL |
||
| 041 | _aeng | ||
| 082 | _aB2810bD65,8[B], P3 | ||
| 100 | _aJohnson James L. | ||
| 245 | 0 | _aProbability and statistics for computer science | |
| 260 |
_aNew Jarsey _b John Wiley & Sons _c2003 |
||
| 300 |
_axvi, 744p. _ccm. |
||
| 500 |
_a Appendix A-B 641- 732p. _ccm.; Bibliographical references 733-738p; Index 739-744p |
||
| 650 | _a Computer Science | ||
| 650 | _a Mathematical statistics-Data Processing | ||
| 650 | _a Probabilities | ||
| 650 | _a Statistics | ||
| 650 | _aComputer Science -mathematics | ||
| 942 |
_hB2810bD65,8[B], P3 _cTEXL _2CC |
||
| 999 |
_c45608 _d45608 |
||